000 00325nam a2200145Ia 4500
100 _aThampi/G.T
650 _aMobile computers
942 _cBK
366 _f25
245 _aProgramming for mobile and remote computers
260 _bDream tech
_c2011
082 _a4.6
_bTHA
546 _aENGLISH
_cComputers
999 _c32834
_d32834